World Capitals Closest to Los Angeles - 30 Second Sprint - Statistics

General Stats
  • This quiz has been taken 22 times
  • The average score is 8 of 20
Answer Stats
km capital miles % Correct
3695 Washington 2296
100%
2488 Mexico City 1546
94%
3805 Ottawa 2364
82%
3519 Guatemala City 2187
59%
3695 Havana 2296
59%
3475 Belmopan 2159
47%
4833 Panama City 3003
41%
4389 San Jose 2727
41%
4057 Nassau 2521
35%
3700 San Salvador 2299
35%
4478 Kingston 2782
29%
4051 Managua 2517
29%
4850 Port-au-Prince 3014
29%
3825 Tegucigalpa 2377
29%
5071 Santo Domingo 3151
18%
5800 Basseterre 3604
6%
5615 Bogota 3489
6%
5827 Caracas 3621
6%
5890 St John's 3660
6%
5631 Quito 3499
0%
No matching quizzes found
Score Distribution
Percent of People with Each Score
Percentile by Number Answered
Your Score History
You have not taken this quiz